00643nam a2200193Ia 4500008004100000020001800041082001200059100001700071245004700088250000800135260006000143300002300203500001900226600003300245650001600278942000700294952013100301999001700432240925s9999 xx 000 0 und d a9789386070937 a519 AGA aAgarwal, B L 0aProgrammed Statistics: (questions-answers) a3rd aNew Delhi:bNew Age International (Pvt) Limitedc,2017. a836p.b0fOriginal aIncludes Index aHumanities & Natural Science aMathematics cBK 001040708HUMaUITUbUITUd2019-01-22eAllied Book Companyg1848.13l0o519 AGApQ13991r2024-09-25 07:17:05w2024-09-25yBK c16490d16490